Top 15 der Bevölkerungsreichsten Länder mit "IEN" - Statistiken

Allgemein
  • Dieses Quiz wurde 301 mal gespielt
  • Das Durchschnittsergebnis liegt bei 11 aus 15
Antwortstatistiken
Einwohner Land % Korrekt
1 327 Mil Indien
99%
209 Mil Brasilien
92%
261 Mil Indonesien
91%
44,3 Mil Argentinien
87%
46,4 Mil Spanien
82%
59,4 Mil Italien
81%
48,7 Mil Kolumbien
78%
24,3 Mil Australien
73%
40,4 Mil Algerien
71%
11,1 Mil Bolivien
63%
102 Mil Äthiopien
61%
32,2 Mil Saudi-Arabien
61%
19,4 Mil Rumänien
58%
11,4 Mil Belgien
51%
18,6 Mil Syrien
42%
Keine übereinstimmenden Quizze gefunden
Verteilung der Resultate
Anzahl Personen mit jedem Resultat
Perzentil nach korrekt beantworteten Fragen
Ihre Resultats-Entwicklung
Sie haben dieses Quiz noch nicht gespielt